| 000 | 00557nam a2200181Ia 4500 | ||
|---|---|---|---|
| 003 | GCL | ||
| 008 | 140319s9999 xx 000 0 ara d | ||
| 040 |
_aGCL / _cGCL |
||
| 082 | 0 | 4 |
_a813.03 _bت ح |
| 100 | 1 | _aتوفيق الحكيم | |
| 245 | 1 | 0 |
_aحديث مع الكوكب / _cتوفيق الحكيم |
| 260 |
_aبيروت : _bدار الكتاب اللبنانى ، _c1986 |
||
| 300 |
_a107 ص ؛ _c18 سم |
||
| 490 |
_aمكتبة توفيق الحكيم الشعبية _v24 |
||
| 650 | 0 | 4 | _aفلسفة |
| 650 | 0 | 4 | _aمقالات |
| 942 |
_2ddc _cBK |
||
| 999 |
_c53604 _d53604 |
||